Statistics for Highest Mountains in England

Click here to take the quiz!

General Stats

  • This quiz has been taken 97 times
  • The average score is 8 of 20

Answer Stats

Altitude (metres)CountryAnswer% Correct
964Lake DistrictScafell
98%
978Lake DistrictScafell Pike
89%
950Lake DistrictHelvellyn
81%
931Lake DistrictSkiddaw
76%
899Lake DistrictGreat Gable
61%
868Lake DistrictBlencathra
56%
902Lake DistrictBowfell
41%
892Lake DistrictPillar
39%
910Lake DistrictGreat End
33%
893North PenninesCross Fell
29%
873Lake DistrictFairfield
29%
885Lake DistrictEsk Pike
25%
935Lake DistrictIll Crag
20%
891Lake DistrictNethermost Pike
18%
865Lake DistrictSkiddaw Little Man
16%
934Lake DistrictBroad Crag
10%
890Lake DistrictCatstye Cam
10%
883Lake DistrictRaise
8%
863Lake DistrictWhite Side
8%
925Lake DistrictLower Man
6%

Score Distribution

Percentile by Number Answered

Percent of People with Each Score

Your Score History

You have not taken this quiz